Mecenas : (Record no. 10830)

MARC details
000 -CABECERA
campo de control de longitud fija 02503nam a22005177a 4500
001 - NÚMERO DE CONTROL
campo de control BRCA_9211
003 - IDENTIFICADOR DEL NÚMERO DE CONTROL
campo de control FranzMayer
005 - FECHA Y HORA DE LA ÚLTIMA TRANSACCIÓN
campo de control 20220809135348.0
008 - DATOS DE LONGITUD FIJA--INFORMACIÓN GENERAL
campo de control de longitud fija 220721b |||||||| |||| 00| 0 eng d
020 ## - NÚMERO INTERNACIONAL ESTÁNDAR DEL LIBRO
Número Internacional Estándar del Libro 9786077714583
040 ## - FUENTE DE LA CATALOGACIÓN
Lengua de catalogación spa
Centro/agencia transcriptor MFM
041 ## - CÓDIGO DE LENGUA
Código de lengua del texto/banda sonora o título independiente spa
-- eng
050 ## - SIGNATURA TOPOGRÁFICA DE LA BIBLIOTECA DEL CONGRESO
Número de clasificación NX701
Número de documento/Ítem L37 2021
100 1# - ENTRADA PRINCIPAL--NOMBRE DE PERSONA
Nombre de persona Lara Elizondo, Lupina
Término indicativo de función/relación autor.
9 (RLIN) 3610
245 10 - MENCIÓN DE TÍTULO
Título Mecenas :
Resto del título el arte de apoyar el arte /
Mención de responsabilidad, etc. Lupina Lara Elizondo ; trad.: Trena Brown
264 #1 - PRODUCCIÓN, PUBLICACIÓN, DISTRIBUCIÓN, FABRICACIÓN Y COPYRIGHT
Producción, publicación, distribución, fabricación y copyright Ciudad de Mexico :
Nombre del de productor, editor, distribuidor, fabricante Promoción de Arte Mexicano,
Fecha de producción, publicación, distribución, fabricación o copyright 2021
264 #1 - PRODUCCIÓN, PUBLICACIÓN, DISTRIBUCIÓN, FABRICACIÓN Y COPYRIGHT
Producción, publicación, distribución, fabricación y copyright Ciudad de México :
Nombre del de productor, editor, distribuidor, fabricante Quálitas Compañía de Seguros,
Fecha de producción, publicación, distribución, fabricación o copyright 2021
300 ## - DESCRIPCIÓN FÍSICA
Extensión 263 p. :
Otras características físicas il., fot. col. ;
Dimensiones 27 x 31 cm.
500 ## - NOTA GENERAL
Nota general Ubicación: L59-N5
500 ## - NOTA GENERAL
Nota general Incluye imágenes de la Colección y Exposición permanente Museo Franz Mayer (pp. 109-125)
500 ## - NOTA GENERAL
Nota general Ejemplar en caja
504 ## - NOTA DE BIBLIOGRAFÍA, ETC.
Nota de bibliografía, etc. Bibliografía: pp. 260-261
505 2# - NOTA DE CONTENIDO CON FORMATO
Título Presentación /
Mención de responsabilidad José Antonio Correa Etchegaray
505 2# - NOTA DE CONTENIDO CON FORMATO
Título Prólogo /
Mención de responsabilidad Lupina Lara Elizondo
505 2# - NOTA DE CONTENIDO CON FORMATO
Título Introducción. Memoria del mecenazgo /
Mención de responsabilidad Lupina Lara Elizondo
505 2# - NOTA DE CONTENIDO CON FORMATO
Título El conocimiento, resguardo y progreso /
Mención de responsabilidad Lupina Lara Elizondo
505 2# - NOTA DE CONTENIDO CON FORMATO
Título Mecenas del siglo XX
505 2# - NOTA DE CONTENIDO CON FORMATO
Título Andrew Carnegie, 1835-1919
505 2# - NOTA DE CONTENIDO CON FORMATO
Título Luis Comfort Tiffany, 1848-1933
505 2# - NOTA DE CONTENIDO CON FORMATO
Título Franz Mayer, 1882-1975
505 2# - NOTA DE CONTENIDO CON FORMATO
Título José Vasconcelos, 1882-1959
505 2# - NOTA DE CONTENIDO CON FORMATO
Título Jean Paul Getty, 1892-1976
505 2# - NOTA DE CONTENIDO CON FORMATO
Título Antonieta Rivas Mercado, 1900-1931
505 2# - NOTA DE CONTENIDO CON FORMATO
Título John y Dominique de Menil, 1904-1973 / 1908-1997
505 2# - NOTA DE CONTENIDO CON FORMATO
Título Norton Simon, 1907-1993
505 2# - NOTA DE CONTENIDO CON FORMATO
Título Manuel Espinosa Yglesias, 1909-2000 y Amparo Espinosa Yglesias Rugarcía, 1942-2007
505 2# - NOTA DE CONTENIDO CON FORMATO
Título Francisco Toledo, 1940-2019
505 2# - NOTA DE CONTENIDO CON FORMATO
Título Rafael Tovar y de Teresa, 1954-2016.
520 8# - SUMARIO, ETC.
Sumario, etc. La visión del mecenas que Lupina Lara nos plantea en este libro comprende no únicamente al personaje que aporta recursos, sino al benefactor, al promotor, pero también a quien trabaja y abre camino de manera directa favoreciendo esta causa. Además de ello, comparte un concepto relativamente nuevo: la visión del mecenazgo estatal, que es el camino que ha adoptado México a partir del siglo XVIII para favorecer el arte y la cultura en el país. - José Antonio Correa Etchegaray
650 #0 - PUNTO DE ACCESO ADICIONAL DE MATERIA--TÉRMINO DE MATERIA
Término de materia o nombre geográfico como elemento de entrada Mecenazgo
Subdivisión geográfica Estados Unidos
Subdivisión cronológica Siglo XX
9 (RLIN) 28475
650 #0 - PUNTO DE ACCESO ADICIONAL DE MATERIA--TÉRMINO DE MATERIA
Término de materia o nombre geográfico como elemento de entrada Mecenazgo
Subdivisión geográfica México
Subdivisión cronológica Siglo XX
9 (RLIN) 28476
650 #0 - PUNTO DE ACCESO ADICIONAL DE MATERIA--TÉRMINO DE MATERIA
Término de materia o nombre geográfico como elemento de entrada Arte
Subdivisión general Historia
650 #0 - PUNTO DE ACCESO ADICIONAL DE MATERIA--TÉRMINO DE MATERIA
Término de materia o nombre geográfico como elemento de entrada Arte y sociedad
Subdivisión geográfica México
Subdivisión cronológica Siglo XX
9 (RLIN) 28477
942 ## - ELEMENTOS DE PUNTO DE ACCESO ADICIONAL (KOHA)
Fuente del sistema de clasificación o colocación Library of Congress Classification
Tipo de ítem Koha Libros
Holdings
Estado de retiro Estado de pérdida Fuente del sistema de clasificación o colocación Estado dañado No para préstamo Localización permanente Ubicación/localización actual Fecha de adquisición Total de préstamos Signatura topográfica completa Código de barras Fecha visto por última vez Precio válido a partir de Tipo de ítem Koha
El ejemplar forma parte de la colección y puede ser consultado según las políticas vigentes.   Library of Congress Classification     Biblioteca del Museo Franz Mayer (Rogerio Casas-Alatriste) Biblioteca del Museo Franz Mayer (Rogerio Casas-Alatriste) 21/07/2022   NX701 L37 2021 CONT9991 21/07/2022 21/07/2022 Libros
El ejemplar forma parte de la colección y puede ser consultado según las políticas vigentes.   Library of Congress Classification     Biblioteca del Museo Franz Mayer (Rogerio Casas-Alatriste) Biblioteca del Museo Franz Mayer (Rogerio Casas-Alatriste) 21/07/2022   NX701 L37 2021 CONT9992 21/07/2022 21/07/2022 Libros
El ejemplar forma parte de la colección y puede ser consultado según las políticas vigentes.   Library of Congress Classification     Biblioteca del Museo Franz Mayer (Rogerio Casas-Alatriste) Biblioteca del Museo Franz Mayer (Rogerio Casas-Alatriste) 21/07/2022   NX701 L37 2021 CONT9993 21/07/2022 21/07/2022 Libros
El ejemplar forma parte de la colección y puede ser consultado según las políticas vigentes.   Library of Congress Classification     Biblioteca del Museo Franz Mayer (Rogerio Casas-Alatriste) Biblioteca del Museo Franz Mayer (Rogerio Casas-Alatriste) 21/07/2022   NX701 L37 2021 CONT9994 21/07/2022 21/07/2022 Libros